| Tag |
First Indicator |
Second Indicator |
Subfields |
| LEADER |
00000cam a2200000 a 4500 |
| 001 |
in00000009550 |
| 005 |
20151007051620.0 |
| 008 |
870901s1987 enkab b 00110 eng d |
| 020 |
|
|
|a 0125686900
|
| 020 |
|
|
|a 0125686919 (pbk.)
|
| 035 |
|
|
|a (OCoLC)16627293
|
| 035 |
|
|
|9 AAA3919AM
|
| 040 |
|
|
|a GZM
|c GZM
|d TXA
|d UtOrBLW
|
| 049 |
|
|
|a TXAM
|c [A12541213]
|
| 050 |
|
4 |
|a QC882
|b .P94 1987
|
| 100 |
1 |
|
|a Pye, Kenneth.
|
| 245 |
1 |
0 |
|a Aeolian dust and dust deposits /
|c Kenneth Pye.
|
| 264 |
|
1 |
|a London ;
|a Orlando :
|b Academic Press,
|c 1987.
|
| 300 |
|
|
|a ix, 334 pages :
|b illustrations, maps ;
|c 24 cm.
|
| 336 |
|
|
|a text
|b txt
|2 rdacontent
|
| 337 |
|
|
|a unmediated
|b n
|2 rdamedia
|
| 338 |
|
|
|a volume
|b nc
|2 rdacarrier
|
| 504 |
|
|
|a Bibliography: pages 266-329.
|
| 500 |
|
|
|a Includes index.
|
| 650 |
|
0 |
|a Dust.
|
| 999 |
|
|
|a MARS
|
| 999 |
f |
f |
|s 6177306f-c671-3b28-ad4e-4a2df8776a75
|i a4a00fce-4ff2-33c1-bdb4-d636860ec8ad
|t 0
|
| 952 |
f |
f |
|p normal
|a Texas A&M University
|b College Station
|c Sterling C. Evans Library
|d Evans: Library Stacks
|t 0
|e QC882 .P94 1987
|h Library of Congress classification
|i unmediated -- volume
|m A14812541213
|
| 998 |
f |
f |
|a QC882 .P94 1987
|t 0
|l Evans: Library Stacks
|